|
|
|
|
| LEADER |
00000nam a2200000 a 4500 |
| 001 |
vtls001266524 |
| 003 |
SK-MaSNL |
| 005 |
20260416164810.0 |
| 008 |
210928s1963 xr 0 cze |
| 035 |
|
|
|a SNK000217468
|
| 040 |
|
|
|a SNK
|b slo
|c SNK
|e AACR2
|
| 041 |
0 |
|
|a cze
|
| 044 |
|
|
|a xr
|c CZ
|
| 100 |
1 |
|
|a Kerssenbrock, Klement
|4 zos
|9 285947
|
| 245 |
1 |
0 |
|a Metodika lehké atletiky
|b Metodika a organizace kolektivního vyučování lehké atletice v zákl. tělesné výchově
|c spac. Klement Kerssenbrock, Jan Bém, Zdeněk Trefný ; ilustr. Karel Pekárek ; fot. [kol.]
|
| 250 |
|
|
|a 2. upr. vyd.
|
| 260 |
|
|
|a Praha
|b Státní pedagogické nakladatelství
|c 1963
|
| 300 |
|
|
|a 244, [2] s.
|c 8°
|
| 490 |
0 |
|
|a Učebnice pro vysoké školy
|
| 700 |
1 |
|
|a Bém, Jan
|4 zos
|9 285948
|
| 700 |
1 |
|
|a Trefný, Zdeněk
|4 zos
|9 285949
|
| 700 |
1 |
|
|a Pekárek, Karel
|4 ilu
|9 285950
|
| 700 |
1 |
|
|a Kol.
|4 fot
|9 285954
|
| 958 |
|
|
|a RK
|
| 958 |
|
|
|a OND
|
| 999 |
|
|
|c 540549
|d 542479
|
| 952 |
|
|
|t P60, <04>, [BOOK], {604}
|a SNK
|b SNK
|y VYP
|7 0
|o snkIC 35070
|i snkKIP 329/64
|0 0
|1 0
|4 0
|d 1996-11-18
|l 0
|r 2005-01-01 00:00:00
|w 2026-02-23
|
| 952 |
|
|
|t P60, <04>, [BOOK], {604}
|a SNK
|b SNK
|y VYP
|7 0
|o snkIC 35070 D1
|i snkKIP 330/64
|0 0
|1 0
|4 0
|d 1996-11-18
|l 0
|r 2005-01-01 00:00:00
|w 2026-02-23
|